00674nam a2200181 a 450000100100000000500170001000800410002704000250006808200150009310000280010824501710013626000590030730000200036649000310038649000220041783000310043983000220047000002558420200930023908.0110218s1983 dr 000 0 spa d aDO-SdBNPbspacBNPHU axxxbC965q1 aCuello H. José Israel10a¿Qué era la resistencia antitrujillista interna a la hora de la invasión de Constanza, Maimón y Estero Hondo, el 4 de Junio de 1959? /cJosé Israel Cuello H. aSanto Domingo :bFundación TestimoniofTallerc1983. a30 p. ;c22 cm.1 aBiblioteca Tallervno. 1611 aTestimoniovno. 1 0aBiblioteca Tallernno. 161 0aTestimonionno. 1